|
|
|
|
| LEADER |
01032nam a2200289 a 4500 |
| 001 |
1353956 |
| 008 |
091008s1980 nyu b 001 0 eng d |
| 010 |
|
|
|a 80011934
|
| 020 |
|
|
|a 0195026985
|
| 020 |
|
|
|a 0195026993 (pbk.)
|
| 040 |
|
|
|a DLC
|c DLC
|d DLC
|
| 082 |
0 |
0 |
|a 362.1/07/2
|2 19
|
| 100 |
1 |
|
|a Bauman, Karl E.
|
| 245 |
1 |
0 |
|a Research methods for community health and welfare :
|b an introduction /
|c Karl E. Bauman.
|
| 260 |
|
|
|a New York :
|b Oxford University Press,
|c 1980.
|
| 300 |
|
|
|a xi, 147 p. ;
|c 22 cm.
|
| 504 |
|
|
|a Includes bibliographies and index.
|
| 541 |
1 |
|
|e 00004214
|
| 650 |
|
0 |
|a Public health
|x Research.
|
| 650 |
|
0 |
|a Public welfare
|x Research.
|
| 650 |
|
0 |
|a Research.
|
| 650 |
|
2 |
|a Community health services.
|
| 650 |
|
2 |
|a Research design.
|
| 650 |
|
2 |
|a Social welfare.
|
| 852 |
4 |
|
|a Ayesha Abed Library
|j General Shelf.
|
| 999 |
|
|
|c 4360
|d 4360
|
| 952 |
|
|
|0 0
|1 0
|2 ddc
|4 0
|6 362_100000000000000_07_2_BAU_1980
|7 0
|9 4053
|a BRACUL
|b BRACUL
|c GEN
|d 2009-10-10
|g 1344.00
|l 0
|o 362.1072 BAU
|p 3010004214
|r 2009-10-10
|t 1
|w 2009-10-10
|y BK
|